សត្វនៅតំបន់ទឹកកក / (Record no. 1322)

MARC details
000 -LEADER
fixed length control field 01049nam a22002657a 4500
005 - DATE AND TIME OF LATEST TRANSACTION
control field 20250530113907.0
020 ## - INTERNATIONAL STANDARD BOOK NUMBER
International Standard Book Number 9789996305702
040 ## - CATALOGING SOURCE
Original cataloging agency FISKH
Language of cataloging eng
Transcribing agency FISKH
Modifying agency FISKH
082 ## - DEWEY DECIMAL CLASSIFICATION NUMBER
Classification number 355.4240
100 ## - MAIN ENTRY--PERSONAL NAME
Personal name Havard, Christian
245 ## - TITLE STATEMENT
Title សត្វនៅតំបន់ទឹកកក /
Statement of responsibility, etc. និពន្ធដោយ Christian Havard - គូររូបដោយ Catherine Fichaux
260 ## - PUBLICATION, DISTRIBUTION, ETC.
Place of publication, distribution, etc. Toulouse :
Name of publisher, distributor, etc. Sipar,
Date of publication, distribution, etc. 2021
300 ## - PHYSICAL DESCRIPTION
Extent 37 pages :
Other physical details color illustrations ;
Dimensions 25 cm
490 ## - SERIES STATEMENT
Series statement ស្វែងយល់ពី
505 ## - FORMATTED CONTENTS NOTE
Formatted contents note Z
520 ## - SUMMARY, ETC.
Summary, etc. ពណ៍នាអំពីប្រភេទសត្វដែលរស់នៅតំបន់ទឹកកក។
520 ## - SUMMARY, ETC.
Summary, etc. Describes the species that live in the glacier.
521 ## - TARGET AUDIENCE NOTE
Target audience note 890 <br/>
Source Lexile estimate <br/>
521 ## - TARGET AUDIENCE NOTE
Target audience note Z<br/>
Source Raz-Plus <br/>
650 ## - SUBJECT ADDED ENTRY--TOPICAL TERM
Topical term or geographic name entry element តំបន់ទឹកកក
Form subdivision សត្វ​
General subdivision ពណ៍នា​
650 ## - SUBJECT ADDED ENTRY--TOPICAL TERM
Topical term or geographic name entry element North pole
Form subdivision Animals
General subdivision Describe
700 ## - ADDED ENTRY--PERSONAL NAME
Personal name Fichaux, Catherine
Titles and other words associated with a name illustrator
942 ## - ADDED ENTRY ELEMENTS (KOHA)
Source of classification or shelving scheme Dewey Decimal Classification
Koha item type Books
Suppress in OPAC No
999 ## -
-- 1322
-- 1322
Holdings
Withdrawn status Lost status Source of classification or shelving scheme Damaged status Not for loan Collection Home library Current library Shelving location Date acquired Total Checkouts Full call number Barcode Date last seen Date last checked out Copy number Price effective from Koha item type Date due
    Dewey Decimal Classification     Khmer Language Books / សៀវភៅភាសាខ្មែរ Footprints International School Library Network Toul Kork Campus Footprints International School Library Network Toul Kork Campus TK Campus, Room B402, Khmer Book Case 16, Shelves 112-123 / ទូរសៀវភៅខ្មែរលេខ ១៦​ ធ្នើរ ១១២ ដល់ ១២៣ បន្ទប់ B402 សាខាទួលគោក 08/15/2023   HAR 355.4240 2023-0274 08/15/2023   2 08/15/2023 Khmer Books  
    Dewey Decimal Classification     Khmer Language Books / សៀវភៅភាសាខ្មែរ Footprints International School Library Network Toul Kork Campus Footprints International School Library Network Toul Kork Campus TK Campus, Room B402, Khmer Book Case 16, Shelves 112-123 / ទូរសៀវភៅខ្មែរលេខ ១៦​ ធ្នើរ ១១២ ដល់ ១២៣ បន្ទប់ B402 សាខាទួលគោក 08/15/2023   HAR 355.4240 FISTKG3B034 10/10/2023   3 08/15/2023 Khmer Books  
    Dewey Decimal Classification     Khmer Language Books / សៀវភៅភាសាខ្មែរ Footprints International School Library Network Toul Tom Poung Campus Footprints International School Library Network Toul Tom Poung Campus TTP Secondary Khmer Bookshelves 08/15/2023 2 HAR 355.4240 2023-0273 03/31/2026 03/02/2026 1 08/15/2023 Khmer Books  
    Dewey Decimal Classification     Khmer Language Books / សៀវភៅភាសាខ្មែរ Footprints International School Library Network Toul Tom Poung Campus Footprints International School Library Network Toul Tom Poung Campus TTP Primary Khmer Bookshelves 06/27/2024   HAR 355.4240 FISTKG4A067 06/27/2024   4 06/27/2024 Khmer Books  
    Dewey Decimal Classification     Khmer Language Books / សៀវភៅភាសាខ្មែរ Footprints International School Library Network Toul Tom Poung Campus Footprints International School Library Network Toul Tom Poung Campus TTP Secondary Khmer Bookshelves 06/27/2024   HAR 355.4240 FIS03549 09/20/2024   5 06/27/2024 Khmer Books  
    Dewey Decimal Classification     Khmer Language Books / សៀវភៅភាសាខ្មែរ Footprints International School Library Network Toul Tom Poung Campus Footprints International School Library Network Toul Tom Poung Campus TTP Secondary Khmer Bookshelves 03/11/2025   HAR 355.4240 FIS05196 03/11/2025   6 03/11/2025 Khmer Books  
    Dewey Decimal Classification     Khmer Language Books / សៀវភៅភាសាខ្មែរ Footprints International School Library Network Toul Tom Poung Campus Footprints International School Library Network Toul Tom Poung Campus TTP Secondary Khmer Bookshelves 03/12/2025   HAR 355.4240 FIS03227 03/12/2025   7 03/12/2025 Khmer Books  
    Dewey Decimal Classification     Khmer Language Books / សៀវភៅភាសាខ្មែរ Footprints International School Library Network Toul Tom Poung Campus Footprints International School Library Network Toul Tom Poung Campus TTP Secondary Khmer Bookshelves 11/27/2025 1 HAR 355.4240 2025-4938 04/30/2026 04/30/2026 8 11/27/2025 Khmer Books 05/14/2026